000 00988nas a2200301 4500
001 BR2012002378
003 BR-BrBNA
005 20231205120400.0
007 ta
008 230509b bl.|||p| |||| 00| 00por d
040 _aBR-BrBNA
_bpor
_cBiblioteca Nacional de Agricultura
041 _a(Pt)
072 _aF06; F04; F62
100 1 _aFerreira Neto, M.
100 1 _aHolanda, J.S. de
100 1 _aDias, N. da S.
100 1 _aGheyi, H.R.
100 1 _aFolegatti, M.V.
245 1 _aCrescimento e produção de coqueiro Anão verde fertigado com nitrogênio e potássio
650 _aCOCOS NUCIFERA
650 _aFERTIRRIGAÇÃO
650 _aNUTRIÇÃO VEGETAL
650 _aPRODUTIVIDADE
773 0 _tRevista Brasileira de Engenharia Agrícola e Ambiental (Brazil)
_xISSN 1807-1929
_g(Jul 2011), v.15(7) p. 657-664
_wBR2012002378
856 4 0 _uhttp://www.scielo.br/pdf/rbeaa/v15n7/v15n07a02.pdf
909 _a202311
_bLúcia
_c55
_dLúcia Elande
942 _2AGRIS
_n0
_cANA
999 _c218229
_d218229